000 00649nam a2200277Ia 4500
005 20260324141329.0
008 008 260324s9999 xx 000 0 eng d
020 _a9780203975114
037 _aEBOOK
040 _aCRL
040 _beng
040 _cCRL
041 _2eng
041 _aeng
084 _qCRL
100 _aC. J. Arnold
_91207793
245 3 _aAn Archaeology of the Early Anglo-Saxon Kingdoms
260 _bTaylor and Francis
260 _c1997
365 _a
365 _b230
856 _uhttp://www.taylorfrancis.com/books/9780203975114
942 _cEBOOK
999 _c1810755
_d1810755